Statistics for Current UFC Heavyweights

Click here to take the quiz!

General Stats

  • This quiz has been taken 35 times
  • The average score is 10 of 52

Answer Stats

NicknameRecordFighter% Correct
The Black Beast25-7Derrick Lewis
90%
The Predator (Champion)16-3Francis Ngannou
86%
Bon Gamin9-0Ciryl Gane
79%
N/A20-4Stipe Miocic
76%
Bam Bam13-3Tai Tuivasa
72%
Razor14-3Curtis Blaydes
66%
Bigi Boy12-2Jairzinho Rozenstruik
52%
N/A10-2Tom Aspinall
52%
Drago33-9Alexander Volkov
48%
Tybur22-6Marcin Tybura
41%
The Mauler18-7Alexander Gustafsson
38%
Super Samoan13-14-1Mark Hunt
38%
The Pit Bull31-20Andrei Arlovski
34%
N/A14-1Sergei Pavlovich
31%
Polar Bear13-2Serghei Spivac
28%
The Boa Constrictor59-16-1Aleksei Oleinik
24%
N/A15-3-1Augusto Sakai
24%
The Big Ticket13-10Walt Harris
24%
Prince of War9-4Greg Hardy
21%
King Kong14-0Alexandr Romanov
17%
N/A11-3Chris Daukaus
14%
Beastboy21-7Chris Barnett
10%
El Guapo11-2Juan Espino
10%
Bad Man4-3Justin Tafa
10%
N/A39-13Ben Rothwell
7%
The Vanilla Gorilla15-7Chase Sherman
7%
N/A11-6Parker Porter
7%
Abrek20-5Shamil Abdurakhimov
7%
The Bulldozer20-8-1Tanner Boser
7%
The Black Samourai8-3Alan Baudot
3%
Baga18-4Blagoy Ivanov
3%
Boi11-1Carlos Felipe
3%
N/A17-13Gian Villante
3%
The Hurricane7-4Harry Hunsucker
3%
The Prototype12-6Jake Collier
3%
Man Mountain7-1-1Jarjis Danho
3%
Pretty Boy10-3Allen Crowder
0%
N/A5-3Chris De La Rocha
0%
The Lifeguard9-2Dmitrii Smoliakov
0%
Lord Kong8-4Don'Tale Mayes
0%
The Sledgehammer16-8Ilir Latifi
0%
N/A12-5Jared Vanderaa
0%
N/A14-4Josh Parisian
0%
The Grizzlybear11-2Justin Frazier
0%
Big Pretty8-2Justin Willis
0%
Pezao18-8-1Marcos Rogerio De Lima
0%
N/A1-0Nick Maximov
0%
Elevation10-1Oscar Cota
0%
N/A25-16Ovince Saint Preux
0%
Monstro14-5Philipe Lins
0%
Ze Colmeia9-1Rodrigo Nascimento Ferreira
0%
The Mad Titan6-3Yorgan De Castro
0%

Score Distribution

Percentile by Number Answered

Percent of People with Each Score

Your Score History

You have not taken this quiz